000 00218nam a2200097Ia 4500
008 190216s9999||||xx |||||||||||||| ||und||
100 _aNull
245 0 _aHindi-Thalasha
260 _bVikas Publishing House
942 _cBK
999 _c18444
_d18444